|
|
|
|
| LEADER |
00000nam a22000007a 4500 |
| 005 |
20160526140942.0 |
| 007 |
cr|||| ||u| |
| 008 |
160526s2016 sp ||||| |||| 00||0 spa d |
| 020 |
|
|
|a 978-84-9085-449-5
|
| 035 |
|
|
|a 14270
|
| 040 |
|
|
|a vLex
|
| 090 |
|
|
|c 6155
|d 6155
|
| 100 |
1 |
|
|a Santaolalla Lp̤ez, Fernando
|
| 245 |
1 |
0 |
|a Por un Nuevo Procedimiento Legislativo
|h [Recurso electrn̤ico] /
|c Fernando Santaolalla Lp̤ez
|
| 256 |
|
|
|a Servicio en ln̕ea
|
| 260 |
|
|
|a Espaą
|b Dykinson
|c 2016
|
| 300 |
|
|
|a 1 recurso electrn̤ico
|
| 506 |
1 |
|
|a Contenido solo disponible en los productos indicados
|d vLex Global
|d vLex Global (Academic Edition, excluding Law Schools)
|d vLex Global (U.S. Academic Edition, Law Schools)
|d vLex Global (U.S. Academic Edition, excluding Law Schools)
|d vLex Global (Academic Edition, Law Schools)
|
| 650 |
0 |
4 |
|a Derecho
|z Madrid
|
| 740 |
0 |
|
|a vLex libros (servicio en ln̕ea)
|
| 856 |
4 |
0 |
|u http://vlex.com/source/nuevo-procedimiento-legislativo-14270
|z Acceso restringido
|
| 942 |
|
|
|c BOOK
|
| 999 |
0 |
|
|a Law
|b Madrid
|